Catálogo
 En Linea

Desastres naturales : (Registro nro. 29392)

Detalles MARC
000 -CABECERA
campo de control de longitud fija 00792nam a2200205 a 4500
001 - NÚMERO DE CONTROL
campo de control 000029900
005 - FECHA Y HORA DE LA ÚLTIMA TRANSACCIÓN
campo de control 20200930055907.0
008 - DATOS DE LONGITUD FIJA--INFORMACIÓN GENERAL
campo de control de longitud fija 110426s1988 dr 000 0 spa d
040 ## - FUENTE DE LA CATALOGACIÓN
Centro catalogador/agencia de origen DO-SdBNP
Lengua de catalogación spa
Centro/agencia transcriptor BNPHU
082 ## - NÚMERO DE LA CLASIFICACIÓN DECIMAL DEWEY
Número de clasificación xxx
Número de documento/Ítem D441n
049 ## - FONDOS LOCALES (OCLC)
Fondos de biblioteca BNPD
245 01 - MENCIÓN DE TÍTULO
Título Desastres naturales :
Resto del título bibliografía /
Mención de responsabilidad, etc. compilada por Ana Marina Méndez G., Gladys Medrano M., Martha Fonfrías de Miranda.
260 ## - PUBLICACIÓN, DISTRIBUCIÓN, ETC.
Lugar de publicación, distribución, etc. Santo Domingo :
Nombre del editor, distribuidor, etc. Corporación Dominicana de Electricidad :
-- Gerencia de Informatica; Centro de Documentación,
Fecha de publicación, distribución, etc. 1988.
300 ## - DESCRIPCIÓN FÍSICA
Extensión 30 p. ;
Dimensiones 28 cm.
500 ## - NOTA GENERAL
Nota general Incluye índice de autor
504 ## - NOTA DE BIBLIOGRAFÍA, ETC.
Nota de bibliografía, etc. Bibliografía : p. 4-21
700 1# - PUNTO DE ACCESO ADICIONAL--NOMBRE DE PERSONA
Nombre de persona Méndez G., Ana Marina
Término indicativo de función/relación comp.
9 (RLIN) 56638
700 1# - PUNTO DE ACCESO ADICIONAL--NOMBRE DE PERSONA
Nombre de persona Medrano M., Gladys
Término indicativo de función/relación comp.
9 (RLIN) 56639
700 1# - PUNTO DE ACCESO ADICIONAL--NOMBRE DE PERSONA
Nombre de persona Fonfrías de Miranda, Martha
Término indicativo de función/relación com.
9 (RLIN) 56640
Existencias
Estado de retiro Estado de pérdida No para préstamo Código de colección Localización permanente Ubicación/localización actual Ubicación en estantería Fecha de adquisición Número de inventario Total de préstamos Signatura topográfica completa Código de barras Fecha visto por última vez Precio válido a partir de Tipo de ítem Koha
    Excluido de préstamo Patrimonio Dominicano Patrimonio Dominicano Patrimonio Dominicano En catalogación 26.04.2011 LF1   xxx D441n 29900-10 25.06.2020 25.06.2020 Libro y Folleto Colección Patrimonio Dominicano

Con tecnología Koha